000 00422nam a2200193Ia 4500
001 11614
003 GE_BSU
008 181216s||||||||xx |||||||||||||| ||und||
040 _cGE_BSU
080 _a821.111-312
100 _aPetterson,Harry.
245 _aTo Catcha king.
260 _aLondon
260 _bBook club associates.
260 _c1980.
300 _a224p;20cm.
653 _aTo Catcha king.
942 _cBK
999 _c44809
_d44809